000
00258nam a2200109Ia 4500
001
588762
005
20250717120837.0
008
250717s9999 xx 000 0 und d
245
0
_a
Z-2 SU KÜPÜ
_c
NURAN TURAN
260
_b
ERDEM YAYINLARI
_c
2018
300
_b
79
999
_c
588762
_d
588762